Football-J'ai joué avec... #2 - Statistiques

Statistiques générales
  • Ce quiz a été pris 147 fois
  • Le résultat moyen est 2 sur 6
Statistiques - réponses
Player 1 Player 2 Player 3 Player 4 Réponse % Correct
A. Rüdiger O. Giroud D. Drinkwater K. Schmeichel Kanté
93%
H. Lloris S. Bergwijn D. Upamecano M. Rashford Kane
39%
Hilton Y. M'villa S. Mandanda J. Bamba Cabella
26%
D. Alaba I. Konaté S. Gnabry J. Sancho Sabitzer
25%
V. Germain I. Rakitic D. Subasic S. Ramos Ocampos
11%
Y. Carrasco J. Cancelo I. Gündogan A. Morata Joao Felix
4%
Aucun quiz correspondant
Distribution des résultats
% des personnes avec chaque résultat
Percentile par nombre de réponses
Votre historique - résultats
Vous n’avez pas pris ce quiz